Full steam ahead! : (Record no. 35266)

MARC details
000 -LEADER
fixed length control field 01239nam a22003257a 4500
005 - DATE AND TIME OF LATEST TRANSACTION
control field 20100415103857.0
008 - FIXED-LENGTH DATA ELEMENTS--GENERAL INFORMATION
fixed length control field 100415t xxu||||| |||| 00| 0 eng d
010 ## - LCCN (DPL NO)
LC control number ENG-96038
020 ## - INTERNATIONAL STANDARD BOOK NUMBER
International Standard Book Number 9780070683532
Terms of availability 250.00
020 ## - INTERNATIONAL STANDARD BOOK NUMBER
International Standard Book Number 0070683530
Terms of availability 250.00
035 ## - SYSTEM CONTROL NUMBER
System control number EN-79571
037 ## - SOURCE OF ACQUISITION
Source of stock number/acquisition DBAD/PUB
040 ## - CATALOGING SOURCE
Original cataloging agency DPL
050 ## - LIBRARY OF CONGRESS CALL NUMBER
DPL Classification number BF505.G6
082 ## - DEWEY DECIMAL CLASSIFICATION NUMBER
Classification number 650.1
Edition number 21
100 ## - MAIN ENTRY--PERSONAL NAME
Personal name Blanchard, Kenneth H.
245 ## - TITLE STATEMENT
Title Full steam ahead! :
Remainder of title unleash the power of vision in your company and your life /
Statement of responsibility, etc Ken Blanchard, Jessie Stoner.
250 ## - EDITION STATEMENT
Edition statement 1st ed.
260 ## - PUBLICATION, DISTRIBUTION, ETC. (IMPRINT)
Place of publication, distribution, etc New Delhi
Name of publisher, distributor, etc Tata Mcgraw Hill Education
Date of publication, distribution, etc 2009
270 ## - ADDRESS
Address 7, West Patel Nagar
City New Delhi
Postal code 110008
300 ## - PHYSICAL DESCRIPTION
Extent xii, 171 p. ;
Dimensions 23 cm. (pbk)
650 ## - SUBJECT ADDED ENTRY--TOPICAL TERM
Topical term or geographic name as entry element Goal (Psychology)
650 ## - SUBJECT ADDED ENTRY--TOPICAL TERM
Topical term or geographic name as entry element Planning.
650 ## - SUBJECT ADDED ENTRY--TOPICAL TERM
Topical term or geographic name as entry element Business planning.
650 ## - SUBJECT ADDED ENTRY--TOPICAL TERM
Topical term or geographic name as entry element Mission statements.
700 ## - ADDED ENTRY--PERSONAL NAME
Personal name Stoner, Jesse,
Dates associated with a name 1949-
942 ## - ADDED ENTRY ELEMENTS (KOHA)
Source of classification or shelving scheme Dewey Decimal Classification
Item type English Books
Classification part 650.1
Call number suffix BLA
Holdings
Withdrawn status Lost status Source of classification or shelving scheme Materials specified (bound volume or other part) Damaged status Not for loan Collection code Home library Current library Date acquired Source of acquisition Cost, normal purchase price Total Checkouts Full call number Barcode Date last seen Copy number Cost, replacement price Koha item type
    Dewey Decimal Classification Pbk   Not For Loan Non-fiction D.B.Act.Division D.B.Act.Division 15/03/2010 DBAD/PUB 250.00   650.1 -BLA EN-79571 15/04/2010 1 250.00 English Books

© Delhi Public Library
Hit Counter
free hit counter